000 00732nam a2200145Ia 4500
005 20240730072330.0
008 240331s9999 xx 000 0 und d
082 _a294.3
_bWIC
100 _aWickramasinghe , K.D.P
245 0 _aAmavathura
260 _aColombo
_bM.D. Gunasena & Co. Ltd
_c1953
300 _a174 p .,
500 _aThis Edition Contains Six chapters of Amavatura, With a Complete English Translation. Amavatura, is one of the best Sinhalese prose classics written in the twelfth century A.D. Gurulugomi, the author of the book, has made a successful attempt at elucidating some intricate problems of the doctorine and at narrating several incidents in the life of the Buddha, in a purely sinhalese style.
942 _cL
999 _c913
_d913